Glencoe mathematics : (Record no. 16750)

000 -LEADER
fixed length control field 00844nam a2200241Ia 4500
020 ## - INTERNATIONAL STANDARD BOOK NUMBER
ISBN 0078228662 (course 1, student ed.)
020 ## - INTERNATIONAL STANDARD BOOK NUMBER
ISBN 0078228689 (course 1, teacher's wraparound ed.)
020 ## - INTERNATIONAL STANDARD BOOK NUMBER
ISBN 007822859X (course 2, student ed.)
020 ## - INTERNATIONAL STANDARD BOOK NUMBER
ISBN 0078228611 (course 2, teacher's wraparound ed.)
020 ## - INTERNATIONAL STANDARD BOOK NUMBER
ISBN 0078228522 (course 3, student ed.)
020 ## - INTERNATIONAL STANDARD BOOK NUMBER
ISBN 0078228549 (course 3, teacher's wraparound ed.)
040 ## - CATALOGING SOURCE
Transcribing agency UUW
082 ## - DEWEY DECIMAL CLASSIFICATION NUMBER
Classification number 510 GLE 2001 A111 Or.
245 00 - TITLE STATEMENT
Title Glencoe mathematics :
Remainder of title applications and connections /
246 30 - VARYING FORM OF TITLE
Title proper/short title Mathematics, applications and connections
260 ## - PUBLICATION, DISTRIBUTION, ETC. (IMPRINT)
Place of publication New York :
Name of publisher Glencoe/McGraw-Hill,
Year of publication c2001
300 ## - PHYSICAL DESCRIPTION
Number of Pages 3 v. :
Other physical details ill. ;
Dimensions 29 cm. +
Accompanying material 3 teacher's eds
500 ## - GENERAL NOTE
General note Includes indexes
650 #0 - SUBJECT ADDED ENTRY--TOPICAL TERM
Topical Term Mathematics
650 #0 - SUBJECT ADDED ENTRY--TOPICAL TERM
Topical Term Mathematics
710 2# - ADDED ENTRY--CORPORATE NAME
Corporate name or jurisdiction name as entry element Glencoe/McGraw-Hill
942 ## - ADDED ENTRY ELEMENTS (KOHA)
Koha item type សៀវភៅភាសាអង់គ្លេស
952 ## - LOCATION AND ITEM INFORMATION (KOHA)
Withdrawn status [LOCAL, KOHA] 0
Holdings
Permanent Location Date acquired Koha item type Lost status Shelving location Barcode Current Location Full call number
Library Block A2018-04-03សៀវភៅភាសាអង់គ្លេស A106A20409Library Block A510 GLE 2001 A106 Or.
មជ្ឈមណ្ឌលឯការនៃសាកលវិទ្យាល័យភូមិន្ទកសិកម្មចំការដូង

Powered by Koha